000 00573nam a2200193Ia 4500
005 20250508164547.0
008 008 250505s9999 xx 000 0 eng d
037 _aTextual
040 _aFEDL
_beng
_cFEDL
041 _aeng
_2eng
084 _a371.5, GIB
_qFEDL
100 _aGibson Janice T Ed.
_9778459
245 0 _aDiscipline is not a dirty word: A positive learning appraoch
260 _aLexington, USA
_bThe Lewis Publishing Company
_c1983
300 _avii,207p.
546 _aMACESE
942 _cTEXL
_h371.5, GIB
999 _c1389801
_d1389801